00426cam a2200169ua 4500001000500000005001700005008003900022020001400061040000900075041000800084082000800092100003000100245006500130260002900195300001000224653002200234744220260515114219.0141218n ru |||gr||||Z||||||ben a501008211 cMAIN aben a320 aBhoumik, N.,eTranslator. aA history of political doctrinescTranslated by Noni Bhoumik aMoscow:bPragati,c1988. a199p. aPolitical science